Statistics for Famous songs in Grey's Anatomy

Click here to take the quiz!

General Stats

  • This quiz has been taken 95 times
  • The average score is 3 of 6

Answer Stats

ArtistSong% Correct
Snow PatrolChasing Cars
95%
The FrayHow to Save a Life
78%
Anna NalickBreathe
35%
Brandi CarlileThe Story
24%
Bonnie TylerTotal Eclipse of the Heart
16%
Ed SheeranKiss Me
8%

Score Distribution

Percentile by Number Answered

Percent of People with Each Score

Your Score History

You have not taken this quiz